Hóa học các nguyên tố hiếm và hóa phóng xạ

Uloženo v:
Podrobná bibliografie
Hlavní autor: Nguyễn Đức Roãn
Další autoři: Nguyễn Thế Ngôn
Médium: Kniha
Jazyk:Vietnamese
Vydáno: H. Đại học Sư phạm 2015
Vydání:In lần thứ 2, có sửa chữa
Témata:
Tagy: Přidat tag
Žádné tagy, Buďte první, kdo otaguje tento záznam!
Thư viện lưu trữ: Mạng thư viện Đại học Đà Nẵng
LEADER 01177nam a2200349 4500
001 000025180
003 21673
005 20170524090548.0
008 170524s2015 viesd
020 |c 85000 
041 0 |a vie 
082 1 4 |a 546  |b NG-R 
100 1 |a Nguyễn Đức Roãn 
245 1 0 |a Hóa học các nguyên tố hiếm và hóa phóng xạ  |c Nguyễn Đức Roãn, Nguyễn Thế Ngôn 
250 |a In lần thứ 2, có sửa chữa 
260 |a H.  |b Đại học Sư phạm  |c 2015 
300 |a 263 tr.  |b hình  |c 24 cm. 
650 0 4 |a Hóa học  |x Nguyên tố hiếm 
650 0 4 |a Hóa học  |x Phóng xạ 
653 |a Nguyên tố hiếm 
653 |a Hóa phóng xạ 
700 1 |a Nguyễn Thế Ngôn 
OWN |a LSP 
AVA |a UDN50  |b LSP  |d 546 NG-R  |e check_holdings  |t Error 5003 Not defined in file expand_doc_bib_avail.  |h N  |k 1 
999 |a From the UDN01 
AVA |a UDN50  |b LSP  |d 546 NG-R  |e available  |t Error 5001 Not defined in file expand_doc_bib_avail.  |f 20  |g 0  |h N  |i 0  |k 1 
TYP |a Monograph 
TYP |a Printed language 
980 |a Mạng thư viện Đại học Đà Nẵng